000 00497nam a2200193Ia 4500
005 20260429112139.0
008 260429s9999||||xx |||||||||||||| ||und||
020 _a9781032745626
041 _aEnglish
082 _a910.681
_bWAL
100 _aWalmsley, Andreas
245 0 _aEntrepreneurship in tourism /
_cAndreas Walmsley
250 _a2nd ed.
260 _aLondon :
_bRoutledge,
_c2025.
300 _axv, 273 p.; pbk
650 _a Tourism
650 _aEntrepreneurship
942 _cTB
999 _c52586
_d52586